000 00839nam a2200241Ia 4500
003 GCL
008 140319s9999 xx 000 0 ara d
020 _a0547232977
040 _aGCL /
_cGCL
082 0 4 _a391
_bس ا
100 1 _aسنية خميس صبحى
245 1 0 _aانماط من الازياء التقليدية فى الوطن العربى وعلاقتها بالفلكلور /
_cسنية خميس صبحى
250 _aالاولى
260 _aالقاهرة :
_bعالم الكتب ،
_c2007
300 _a247 ص ؛
_c24 سم
650 0 4 _aالعادات والتقاليد
650 0 4 _aتصميم الازياء
650 0 4 _aالفلكلور العربى
650 0 4 _aالازياء الشعبية
650 0 4 _aالازياء العربية
650 0 4 _aالازياء الشرقية
942 _2ddc
_cBK
999 _c9751
_d9751